Normal view
MARC view
Entry Topical Term
001 - CONTROL NUMBER
- control field: 48747
003 - CONTROL NUMBER IDENTIFIER
- control field: ARRUPE
005 - DATE AND TIME OF LATEST TRANSACTION
- control field: 20191118095515.0
008 - FIXED-LENGTH DATA ELEMENTS
- fixed length control field: 191118|| aca||aabn | a|a d
040 ## - CATALOGING SOURCE
- Original cataloging agency: ARRUPE
- Transcribing agency: ARRUPE
150 ## - HEADING--TOPICAL TERM
- Topical term or geographic name as entry element: History
- General subdivision: Religious aspects
- General subdivision: Christianity
- General subdivision: History of doctrines
- Chronological subdivision: Early church, ca. 30-600.
670 ## - SOURCE DATA FOUND
- Source citation: Work cat.: (ARRUPE)0: Markus, R. A. (Robert Austin), 1924-2010. 42178, Saeculum :, 1988.